000 00408cam a2200169ua 4500
020 _c7.00
041 _amal
_h
082 _a954.83
_bPAN/KE
100 _aPanicker, K M .
245 _aKerala swanthanthrya samaram /
_cPanicker K M.
_hTextual Documents
260 _aQuilon :
_bM S Book Depot ,
_c1963.
300 _a564 ; .
365 _a7.00
504 _a
942 _cBK
999 _c4631
_d4631